000 00490nam a2200145Ia 4500
008 100204s9999 xx 000 0 und d
082 _b11270
100 _aवांगीकर बी. पी.
245 _aबहुगुणी वृक्ष
260 _b"साकेत प्रकाशन , औरंगाबाद"
_c1988
300 _a136
630 _aबहुगुणी वृक्ष
730 _aबहुगुणी वृक्ष
942 _cBOOK
999 _c455706
_d455703